PSILink : Internet connection with just a pc and modem (Record no. 75413)

MARC details
000 -CABECERA
campo de control de longitud fija 00557nam a2200205 a 4500
005 - FECHA Y HORA DE LA ÚLTIMA TRANSACCIÓN
campo de control 20210219153358.0
008 - ELEMENTOS DE LONGITUD FIJA--INFORMACIÓN GENERAL
campo de control de longitud fija 991125n 000 0 u
035 ## - NÚMERO DE CONTROL DEL SISTEMA
Número de control de sistema UPN01000095244
100 ## - ASIENTO PRINCIPAL--NOMBRE PERSONAL
Nombre de persona Perez, Ernest
222 ## - TÍTULO CLAVE
Título clave LIBRARY SOFTWARE REVIEW
245 ## - MENCIÓN DE TÍTULO
Título PSILink : Internet connection with just a pc and modem
300 ## - DESCRIPCIÓN FÍSICA
Extensión 6-11
362 ## - FECHAS DE PUBLICACIÓN Y/O DESIGNACIÓN SECUENCIAL
Fecha de publicación y/o designación secuencial 11, No. 5, 1992
505 ## - NOTA DE CONTENIDO CON FORMATO PREESTABLECIDO
Nota de contenido con formato Marzo 1993
653 0# - TERMINO DE INDIZACION - NO CONTROLADO
Término no controlado CORREO ELECTRONICO
653 0# - TERMINO DE INDIZACION - NO CONTROLADO
Término no controlado PROGRAMAS DE LA COMPUTADORA
653 0# - TERMINO DE INDIZACION - NO CONTROLADO
Término no controlado REDES DE INFORMACION
904 ## - ELEMENTOS DE DATOS D LOCAL, LDD (RLIN)
a AC
b 033055
905 ## - TIPO DE MATERIAL
Tipo de material Articulo

No items available.